[Event "Penang op 7th"]
[Site "Penang"]
[Date "2015.12.11"]
[Round "7"]
[White "Johari, Camilia"]
[Black "Looi, Xin Hao"]
[Result "1/2-1/2"]
[WhiteElo "1855"]
[BlackElo "2030"]
[PlyCount "138"]
[EventDate "2015.12.07"]
[EventType "swiss"]
[EventRounds "9"]
[EventCountry "MAS"]
[SourceTitle "CBM 169 Extra"]
[Source "ChessBase"]
[SourceDate "2015.12.18"]
[SourceVersion "1"]
[SourceVersionDate "2015.12.18"]
[SourceQuality "1"]

1. d4 d5 2. c4 c6 3. Nc3 e6 4. cxd5 exd5 5. Qc2 Nf6 6. Nf3 Be7 7. Bf4 Nbd7 8. e3 Nf8 9. h3 Ng6 10. Bh2 0-0 11. Bd3 Re8 12. 0-0 Bd6 13. Bxd6 Qxd6 14. Rab1 a5 15. Rfc1 Qe7 16. Nd2 Nh4 17. a3 g5 18. e4 dxe4 19. Ndxe4 Nxe4 20. Nxe4 Bf5 21. Ng3 Bxd3 22. Qxd3 Rad8 23. b4 axb4 24. Rxb4 Rd7 25. Qb3 Red8 26. Qe3 Qf6 27. Ne4 Qg6 28. Qxg5 Qxg5 29. Nxg5 f6 30. Ne6 Re8 31. d5 Ng6 32. dxc6 bxc6 33. Rxc6 Rd1+ 34. Kh2 Ne5 35. Ra6 Rd2 36. Rf4 Nd7 37. Nc7 Ree2 38. a4 Rxf2 39. Rxf2 Rxf2 40. a5 Ra2 41. Ra8+ Kg7 42. a6 Ne5 43. a7 Nc6 44. Nb5 Kh6 45. Rc8 Nxa7 46. Ra8 Rxg2+ 47. Kxg2 Nxb5 48. Kg3 Kg6 49. Kf4 Nd6 50. Rg8+ Kf7 51. Rh8 Kg7 52. Rd8 Nf7 53. Rd1 Nh6 54. h4 Kg6 55. Rg1+ Kf7 56. h5 Ng8 57. Ra1 Ne7 58. Kg4 h6 59. Kf4 Ke6 60. Re1+ Kf7 61. Ra1 Ke6 62. Re1+ Kf7 63. Rg1 Kf8 64. Ke4 Kf7 65. Ra1 Ke6 66. Ra6+ Kf7 67. Ra8 Kg7 68. Ra7 Kf7 69. Rb7 Ke6 1/2-1/2

[Event "MAS-ch (Women)"]
[Site "Kuala Lumpur"]
[Date "2015.06.02"]
[Round "7"]
[White "Johari, Camilia"]
[Black "Nithyalakshmi, Sivanesan"]
[Result "1/2-1/2"]
[WhiteElo "1924"]
[BlackElo "1786"]
[PlyCount "94"]
[EventDate "2015.05.30"]
[EventType "tourn"]
[EventRounds "9"]
[EventCountry "MAS"]
[SourceTitle "CBM 166 Extra"]
[Source "ChessBase"]
[SourceDate "2015.06.18"]
[SourceVersion "1"]
[SourceVersionDate "2015.06.18"]
[SourceQuality "1"]

1. d4 Nf6 2. c4 g6 3. Nc3 Bg7 4. e4 d6 5. f3 0-0 6. Be3 Nc6 7. Nge2 a6 8. Qd2 Rb8 9. Nc1 e5 10. d5 Nd4 11. N1e2 Nxe2 12. Bxe2 Nh5 13. 0-0 f5 14. c5 f4 15. Bf2 g5 16. Rfc1 Qe8 17. cxd6 cxd6 18. Bb6 Rf6 19. Nd1 Bf8 20. Rc7 Ng7 21. Rac1 h5 22. Qc3 Bd7 23. Ba7 Ra8 24. Rxb7 Rf7 25. Bb6 g4 26. Ba5 Rc8 27. Qd2 Rxc1 28. Qxc1 g3 29. h3 Qe7 30. Bxa6 Qh4 31. Qd2 Ne8 32. Bb5 Bxh3 33. Rxf7 Bc8 34. Rxf8+ Kxf8 35. Bb6 Qh2+ 36. Kf1 h4 37. Bg1 Qh1 38. Nf2 gxf2 39. Qxf2 Nf6 40. a4 Kg8 41. a5 h3 42. gxh3 Bxh3+ 43. Ke1 Nxe4 44. fxe4 Qxe4+ 45. Qe2 Qh1 46. Qh2 Qe4+ 47. Qe2 Qh1 1/2-1/2

[Event "ASEAN-ch U20 Girls 15th"]
[Site "Taipa"]
[Date "2014.06.08"]
[Round "7"]
[White "Fronda Pascua, Jan Jodilyn"]
[Black "Johari, Camilia"]
[Result "1-0"]
[WhiteElo "2077"]
[BlackElo "1842"]
[PlyCount "73"]
[EventDate "2014.06.04"]
[EventType "swiss"]
[EventRounds "9"]
[EventCountry "MAC"]
[SourceTitle "CBM 160 Extra"]
[Source "ChessBase"]
[SourceDate "2014.07.01"]
[SourceVersion "1"]
[SourceVersionDate "2014.07.01"]
[SourceQuality "1"]

1. e4 c6 2. d4 d5 3. Nc3 dxe4 4. Nxe4 Nd7 5. Nf3 Ngf6 6. Nc3 Nb6 7. h3 Bf5 8. Bd3 Bxd3 9. Qxd3 Qc7 10. 0-0 e6 11. a4 a6 12. Bg5 Be7 13. Rfe1 0-0 14. Bxf6 Bxf6 15. Ne4 Qe7 16. Ne5 Rfd8 17. Nxf6+ Qxf6 18. Qb3 Nd7 19. Qxb7 Nxe5 20. dxe5 Qf5 21. c3 Rab8 22. Rad1 h6 23. Rxd8+ Rxd8 24. Qxa6 Rd2 25. Qb6 Qc2 26. a5 Qxb2 27. Qxb2 Rxb2 28. Ra1 f6 29. f4 fxe5 30. fxe5 Kf7 31. a6 Rb8 32. a7 Ra8 33. Kf2 Ke7 34. Ke3 c5 35. Kd3 Kd7 36. Kc4 Kc6 37. Ra6+ 1-0

[Event "ASEAN-ch U20 Girls 15th"]
[Site "Taipa"]
[Date "2014.06.08"]
[Round "8"]
[White "Johari, Camilia"]
[Black "Zullkafli, Amira Syahmina"]
[Result "1-0"]
[WhiteElo "1842"]
[BlackElo "1702"]
[PlyCount "37"]
[EventDate "2014.06.04"]
[EventType "swiss"]
[EventRounds "9"]
[EventCountry "MAC"]
[SourceTitle "CBM 160 Extra"]
[Source "ChessBase"]
[SourceDate "2014.07.01"]
[SourceVersion "1"]
[SourceVersionDate "2014.07.01"]
[SourceQuality "1"]

1. d4 Nf6 2. c4 g6 3. Nc3 Bg7 4. e4 d6 5. f3 0-0 6. Be3 e5 7. Nge2 exd4 8. Nxd4 Nfd7 9. Be2 Nb6 10. Qd2 Nc6 11. 0-0 Be6 12. Nd5 Ne5 13. Rac1 Nc6 14. Kh1 Bd7 15. Nb5 Rc8 16. Rcd1 Be6 17. b4 Ne5 18. Nxa7 Ned7 19. Nxc8 1-0

[Event "ASEAN-ch U20 Girls 15th"]
[Site "Taipa"]
[Date "2014.06.06"]
[Round "4"]
[White "Johari, Camilia"]
[Black "Azhar, Puteri Rifqah Fahad"]
[Result "1/2-1/2"]
[WhiteElo "1842"]
[BlackElo "1864"]
[PlyCount "61"]
[EventDate "2014.06.04"]
[EventType "swiss"]
[EventRounds "9"]
[EventCountry "MAC"]
[SourceTitle "CBM 160 Extra"]
[Source "ChessBase"]
[SourceDate "2014.07.01"]
[SourceVersion "1"]
[SourceVersionDate "2014.07.01"]
[SourceQuality "1"]

1. d4 Nf6 2. c4 e6 3. Nc3 Bb4 4. Qb3 c5 5. Nf3 0-0 6. Bf4 d6 7. e3 b6 8. Rd1 Qe7 9. Be2 Bb7 10. 0-0 Bxc3 11. bxc3 Nh5 12. Bg5 f6 13. Bh4 g5 14. Nd2 Ng7 15. Bg3 Nf5 16. e4 Nxg3 17. hxg3 Nc6 18. Qb2 Na5 19. Qc2 Ba6 20. Qa4 Qe8 21. Qa3 Qc8 22. Rfe1 Re8 23. Qa4 Re7 24. Nb3 Qc6 25. Qxc6 Nxc6 26. f4 Nd8 27. Nd2 Rc8 28. d5 e5 29. Bg4 Rcc7 30. fxg5 fxg5 31. Rf1 1/2-1/2